Against liquidationism (Record no. 33087)

MARC details
000 -LEADER
fixed length control field 00719nam a22002177a 4500
008 - FIXED-LENGTH DATA ELEMENTS--GENERAL INFORMATION
fixed length control field 210303s9999 xx 000 0 und d
016 ## - NATIONAL BIBLIOGRAPHIC AGENCY CONTROL NUMBER
Source reto2022b
020 ## - INTERNATIONAL STANDARD BOOK NUMBER
ISBN 0821328662
040 ## - CATALOGING SOURCE
Original cataloging agency NLN
Language of cataloging Engliush
Description conventions AACR2
100 ## - MAIN ENTRY--AUTHOR
Author LENIN, Vladimir Il'ich
Dates associated with a name 1870-1924
Relator term aut
245 ## - TITLE STATEMENT
Title Against liquidationism
Statement of responsibility, etc by Vladimir Il'ch Lenin
260 ## - PUBLICATION, DISTRIBUTION, ETC. (IMPRINT)
Place of publication Moscow, Russia :
Name of publisher Foreign Languages Publishing House,
Date of publication [n.d.]
300 ## - COLLATION
Pagination 413p. :
Other physical details ; 20cm.
440 ## - SERIES STATEMENT/ADDED ENTRY--TITLE
Series Title Translated form the Russian, edited by Tom Dexter'
500 ## - GENERAL NOTE
General note Includes bibliographical references
563 ## - BINDING INFORMATION
Binding note (pam)
650 ## - TRACINGS
Main Subject Literacy programs
Subdivision (1st) Developing Countries
942 ## - ADDED ENTRY ELEMENTS (KOHA)
Item type Books
Suppress in OPAC No
050 ## - LIBRARY OF CONGRESS CALL NUMBER
Classification number DK254
Item number .L35
Holdings
Withdrawn status Lost status Source of classification or shelving scheme Damaged status Not for loan Home library Current library Date acquired Total Checkouts Full call number Barcode. Date last seen Price effective from Koha item type
    Library of Congress Classification     LAGOS BRANCH National Library of Nigeria 12/09/2025   DK254 .L35 2025-457118 12/09/2025 12/09/2025 Books

National Library of Nigeria OPAC is powered by Koha